| 000 | 00372nam a2200121Ia 4500 | ||
|---|---|---|---|
| 008 | 210430s9999 xx 000 0 und d | ||
| 082 | _a662.2 B425 M | ||
| 100 | _aDr.A J Bellamy | ||
| 245 |
_aEOE/EOT Module Manufacture&Formulation of Explosives Nitration Theory _cDr.A J Bellamy |
||
| 260 |
_aRoyal Military college _bPhotocopy _c1998 |
||
| 300 | _a10p | ||
| 942 |
_cBK _2ddc |
||
| 999 |
_c562090 _d562090 |
||